00326cam a2200109ua 4500041001000000082002000010100001800030245010400048260004700152300001200199504000500211 aengh a028.702bGUP/EN aGupta, P.K .00aEncyclopaedia of general knowledge: General affairs and who`s who / cP.K Gupta.hTextual Documents aNew Delhi : bKumar Publications , c1996. a128 ; . a